รวมคำบรรยาย ภาคหนึ่ง สมัยที่ 56 ปีการศึกษา 2546 เล่มที่ 9 (ระเบียนเลขที่ 43413)
| 000 -LEADER | |
|---|---|
| fixed length control field | 01756nam a22003257a 4500 |
| 003 - CONTROL NUMBER IDENTIFIER | |
| control field | NALT |
| 005 - DATE AND TIME OF LATEST TRANSACTION | |
| control field | 20251125232945.0 |
| 008 - FIXED-LENGTH DATA ELEMENTS--GENERAL INFORMATION | |
| fixed length control field | s2546 th tha d |
| 040 ## - CATALOGING SOURCE | |
| Original cataloging agency | NALT |
| 041 ## - LANGUAGE CODE | |
| Language code of text/sound track or separate title | tha |
| 090 ## - LOCALLY ASSIGNED LC-TYPE CALL NUMBER (OCLC); LOCAL CALL NUMBER (RLIN) | |
| Classification number (OCLC) (R) ; Classification number, CALL (RLIN) (NR) | KU36 |
| Local cutter number (OCLC) ; Book number/undivided call number, CALL (RLIN) | อ246ร 2546 ล.9 |
| 110 0# - MAIN ENTRY--CORPORATE NAME | |
| Corporate name or jurisdiction name as entry element | สำนักอบรมศึกษากฎหมายแห่งเนติบัณฑิตยสภา |
| 245 10 - TITLE STATEMENT | |
| Title | รวมคำบรรยาย ภาคหนึ่ง สมัยที่ 56 ปีการศึกษา 2546 เล่มที่ 9 |
| 260 3# - PUBLICATION, DISTRIBUTION, ETC. | |
| Place of publication, distribution, etc. | กรุงเทพฯ : |
| Name of publisher, distributor, etc. | สำนักอบรมศึกษากฎหมายแห่งเนติบัณฑิตยสภา, |
| Date of publication, distribution, etc. | 2546 |
| 300 ## - PHYSICAL DESCRIPTION | |
| Extent | 378 หน้า ; |
| Other physical details | 26 ซม. |
| 610 ## - SUBJECT ADDED ENTRY--CORPORATE NAME | |
| Corporate name or jurisdiction name as entry element | สำนักอบรมศึกษากฎหมายแห่งเนติบัณฑิตยสภา |
| 650 04 - SUBJECT ADDED ENTRY--TOPICAL TERM | |
| Topical term or geographic name entry element | มรดก |
| 650 04 - SUBJECT ADDED ENTRY--TOPICAL TERM | |
| Topical term or geographic name entry element | บริษัท |
| 650 04 - SUBJECT ADDED ENTRY--TOPICAL TERM | |
| Topical term or geographic name entry element | หุ้นส่วน |
| 650 04 - SUBJECT ADDED ENTRY--TOPICAL TERM | |
| Topical term or geographic name entry element | กฎหมายอาญา |
| 650 04 - SUBJECT ADDED ENTRY--TOPICAL TERM | |
| Topical term or geographic name entry element | กฎหมายแรงงาน |
| 650 04 - SUBJECT ADDED ENTRY--TOPICAL TERM | |
| Topical term or geographic name entry element | กฎหมายรัฐธรรมนูญ |
| 650 04 - SUBJECT ADDED ENTRY--TOPICAL TERM | |
| Topical term or geographic name entry element | กฎหมายแพ่งและพาณิชย์ |
| 650 04 - SUBJECT ADDED ENTRY--TOPICAL TERM | |
| Topical term or geographic name entry element | กฎหมาย -- คำบรรยาย |
| 650 04 - SUBJECT ADDED ENTRY--TOPICAL TERM | |
| Topical term or geographic name entry element | กฎหมาย -- คำบรรยายกฎหมายแพ่งและพาณิชย์กฎหมายรัฐธรรมนูญกฎหมายแรงงานกฎหมายอาญาหุ้นส่วนบริษัทมรดก |
| 850 ## - HOLDING INSTITUTION | |
| Holding institution | NALT |
| 856 40 - ELECTRONIC LOCATION AND ACCESS | |
| Uniform Resource Identifier | <a href="https://hdl.handle.net/20.500.14156/464413">https://hdl.handle.net/20.500.14156/464413</a> |
| 942 ## - ADDED ENTRY ELEMENTS (KOHA) | |
| Koha item type | Law Book |
| Source of classification or shelving scheme | Library of Congress Classification |
| 998 ## - STAFF NAME (NALT) | |
| -- | 109 |
| -- | อารีรัตน์ วิชาช่าง |
| Withdrawn status | Lost status | Damaged status | Not for loan | Collection code | Home library | Current library | Total Checkouts | Full call number | Barcode | Date last seen | Price effective from | Koha item type |
|---|---|---|---|---|---|---|---|---|---|---|---|---|
| Law Book collection | National Assembly Library of Thailand | National Assembly Library of Thailand | KU 36 อ246ร 2546 ล.9 | 3961154166 | 09/06/2017 | 09/06/2017 | Law Book |
